| 000 | 00967cam a2200313 4500 | ||
|---|---|---|---|
| 999 |
_c7309 _d7309 |
||
| 001 | 694567 | ||
| 003 | YEEZEN | ||
| 005 | 20221117093634.0 | ||
| 008 | 220426s2021 ch a b 000 j chi d | ||
| 020 |
_a9789811801990 _q(平裝) : _c贈閱 |
||
| 040 |
_aTWNTU _bchi _eccr _c. |
||
| 041 | 1 |
_achi _heng |
|
| 042 | _anbic | ||
| 066 | _c$1 | ||
| 084 |
_a241.38 _b4481 _2ncsclt |
||
| 099 | _a861 | ||
| 100 | 1 |
_a林美玲 _c(Lim, Mei Ling Emily) |
|
| 245 | 1 | 0 |
_a邦尼不孤單 : _b傳道書第4章 / _c林美玲著 ; 尼爾.夏普(Neal Sharp)繪 ; 王思淳譯 |
| 246 | 3 | _a傳道書第四章 | |
| 246 | 3 | 0 | _a傳道書第4章 |
| 250 | _a初版 | ||
| 260 |
_a臺北市 : _b基督教真理文化傳播基金會, _c2021.11. |
||
| 300 |
_a[34]面 : _b彩圖 ; _c19 x 24公分 |
||
| 490 | 1 | _a靈命日糧兒童材料 | |
| 650 | 7 |
_a基督教 _2lcstt. |
|
| 650 | 7 |
_a通俗作品 _2lcstt. |
|
| 700 | 1 | _aSharp, Neal. | |
| 700 | 1 |
_a夏普 _c(Sharp, Neal) |
|
| 700 | 1 | _a王思淳 | |
| 700 | _aLim, Mei Ling Emily. | ||
| 942 |
_2ccl _cBOOK |
||